ბათუმის შოთა რუსთაველის სახელმწიფო უნივერსიტეტის ბიბლიოთეკა

The CBT Toolbox : (ბიბ.ჩანაწერი № 59823)

000 -LEADER
fixed length control field 00701nam a22002057a 4500
005 - DATE AND TIME OF LATEST TRANSACTION
control field 20230425112346.0
008 - FIXED-LENGTH DATA ELEMENTS--GENERAL INFORMATION
fixed length control field 230425s2021 ge ||||| |||| 00| 0 geo d
020 ## - INTERNATIONAL STANDARD BOOK NUMBER
International Standard Book Number 9781683732792
041 ## - LANGUAGE CODE
Language code of text/sound track or separate title eng
080 ## - UNIVERSAL DECIMAL CLASSIFICATION NUMBER
Universal Decimal Classification number 159.922 R-56
100 ## - MAIN ENTRY--PERSONAL NAME
Personal name Riggenbach, Jeff
9 (RLIN) 17770
245 ## - TITLE STATEMENT
Title The CBT Toolbox :
Remainder of title a workbook for clients clinicians and Coaches. 185 Tools to Manage Anxiety, Depression, Anger, Behaviors and Stress /
Statement of responsibility, etc. Jeff Riggenbach.
264 ## - PRODUCTION, PUBLICATION, DISTRIBUTION, MANUFACTURE, AND COPYRIGHT NOTICE
Place of production, publication, distribution, manufacture Eau Claire :
Name of producer, publisher, distributor, manufacturer Pesi Publishing,
Date of production, publication, distribution, manufacture, or copyright notice 2021.
300 ## - PHYSICAL DESCRIPTION
Extent 357 p. ;
Other physical details 28 cm.
440 ## - SERIES STATEMENT/ADDED ENTRY--TITLE
Title cognitive Behavioral Therapy
9 (RLIN) 17771
653 ## - INDEX TERM--UNCONTROLLED
keyword დეპრესია
653 ## - INDEX TERM--UNCONTROLLED
keyword შფოთვა
653 ## - INDEX TERM--UNCONTROLLED
keyword სტრესი
942 ## - ADDED ENTRY ELEMENTS (KOHA)
Source of classification or shelving scheme
Koha item type წიგნი
ეგზემპლარები
Withdrawn status Lost status Source of classification or shelving scheme Damaged status Not for loan Permanent Location Current Location Shelving location Date acquired Cost, normal purchase price Full call number Barcode Date last seen Copy number Price effective from Koha item type Public note
          ბათუმის შოთა რუსთაველის სახელმწიფო უნივერსიტეტის მთავარი ბიბლიოთეკა ბათუმის შოთა რუსთაველის სახელმწიფო უნივერსიტეტის მთავარი ბიბლიოთეკა წიგნსაცავი 2023-04-25 342.00 159.922 R-56 29406 2023-04-25 29406 2023-04-25 წიგნი 342 ლ.